UBT Library

AMERICAN PHYSICAL THERAPY (Record no. 58615)

000 -LEADER
fixed length control field 00323nam a22001457a 4500
008 - FIXED-LENGTH DATA ELEMENTS--GENERAL INFORMATION
fixed length control field 221020b ||||| |||| 00| 0 eng d
020 ## - INTERNATIONAL STANDARD BOOK NUMBER
International Standard Book Number 9780805055719
041 ## - LANGUAGE CODE
Language code of text/sound track or separate title eng
080 ## - UNIVERSAL DECIMAL CLASSIFICATION NUMBER
Universal Decimal Classification number 159.9
082 ## - DEWEY DECIMAL CLASSIFICATION NUMBER
Classification number 159.9 MOF
100 ## - Rafti
Rafti 24.1
101 ## - Shkurtesa
Shkurtesa PSI
245 ## - TITLE STATEMENT
Title AMERICAN PHYSICAL THERAPY
Statement of responsibility, etc MOFFAT M
942 ## - ADDED ENTRY ELEMENTS (KOHA)
Source of classification or shelving scheme
Item type Books
Holdings
Withdrawn status Lost status Source of classification or shelving scheme Damaged status Not for loan Collection code Permanent location Current location Date acquired Total Checkouts Full call number Barcode Date last seen Price effective from Koha item type
          Koleksioni i përgjithshem UBT - Lipjan UBT - Lipjan 10/20/2022   159.9 MOF 002-800028700260248 10/20/2022 10/20/2022 Books
UBT Library © 2015-2024. All rights reserved University Education for Business and Technology